| 000 | 01409nam a22002897a 4500 | ||
|---|---|---|---|
| 999 |
_c73996 _d73996 |
||
| 005 | 20190108105131.0 | ||
| 010 | _aB-492816 B-524231 B-713041 | ||
| 020 |
_c399.00 _a9781612680194 |
||
| 035 | _aB-492816 | ||
| 035 | _aB-524231 | ||
| 035 | _aB-713041 | ||
| 035 | _aB-713057 | ||
| 037 | _bUBH / VEN | ||
| 037 | _bRK Books | ||
| 082 | _a320.024 | ||
| 100 | _aKiyosaki, Robert T. | ||
| 245 |
_aRich dad poor dad / _cby Robert T. Kiyosaki |
||
| 260 |
_aScottsdale, AZ _bPlata Publishing _c2017 |
||
| 270 |
_a4330 N. Civic Center Plaza, Suite 100 _bScottsdale, AZ _e(480)9986971 |
||
| 300 |
_a250p. _a351p. _c17cm(pbk) |
||
| 500 | _aWhat the rich teach their kids about money- that the poor and middle class do not | ||
| 942 |
_2ddc _cEN _h320.024 _mKIY |
||